000 00648nam a2200205 i 4500
001 89746
003 ES-MaACL
005 20251109132555.0
007 t|
008 050112s1921 fr ||||1| fre d
100 1 _aLaubry, Charles.
_970583
245 1 0 _aTraité des maladies congénitales du coeur /
_cpar Ch. Laubry et C. Pezzi ; préface de M. Vaquez.
260 _aParis :
_b[s.n.],
_c1921 (
_eCorbeil :
_fCrété)
300 _aXV, 335 p. ;
_c25 cm.
650 4 _aCorazón-
_xEnfermedades.
_9144728
700 1 _aPezzi, C.
_991616
700 1 _aVaquez, Henri,
_d1860-1936
_9113106
852 _aES-MaACL
_jB-11486
999 _c89746
_d89746